| 000 | 00600nam 22002053 4500 | ||
|---|---|---|---|
| 001 | 197470 | ||
| 010 | _a972-8426-98-4 | ||
| 021 | _b219291/04 | ||
| 090 | _a197470 | ||
| 100 | _a20250805d u||y0pory50 ba | ||
| 200 |
_aMestres da geração Start-Up _fJorge Nascimento Rodrigues...[et al.] |
||
| 210 |
_aV.N. de Famalicão _cCentro Atlântico _d2004 |
||
| 215 |
_a340 p. _cencadernado _d23 cm |
||
| 606 |
_91108 _aGestão empresarial |
||
| 610 | _aStart-Up | ||
| 675 |
_a658 _vPT _zpor |
||
| 702 |
_913517 _aRodrigues _bJorge Nascimento |
||
| 801 |
_aPT _bBMMN _gRPC |
||
| 830 |
_cFernando _fFernando |
||
| 990 | _cLIVROS | ||